header

The psychopolitics of liberation (Record no. 138538)

MARC details
000 -LEADER
fixed length control field 01338nam a2200337Ia 4500
082 04 - DEWEY DECIMAL CLASSIFICATION NUMBER
Classification number 320.01/9
100 1# - MAIN ENTRY--AUTHOR NAME
Personal name Alschuler, Lawrence R.,
245 14 - TITLE STATEMENT
Title The psychopolitics of liberation
260 ## - PUBLICATION, DISTRIBUTION, ETC. (IMPRINT)
Place of publication New York :
Name of publisher Palgrave Macmillan,
Year of publication 2006.
300 ## - PHYSICAL DESCRIPTION
Number of Pages xi, 204 p.
650 #0 - SUBJECT ADDED ENTRY--TOPICAL TERM
Topical Term Political psychology.
Topical Term Jungian psychology.
Topical Term Liberty
Topical Term Indians
Topical Term Indians
856 40 - ELECTRONIC LOCATION AND ACCESS
Uniform Resource Identifier http://site.ebrary.com/lib/rucke/Doc?id=10171531

No items available.

© 2026 Rongo University
Contact us: librarian | system librarian | Rongo university